International Airports in India- Sudden Death - Statistics

General Stats
  • This quiz has been taken 51 times
    50 since last reset
  • The average score is 8 of 13
Answers on the Grid
Answers color-coded by a green-red scale on the quiz's grid according to % correct below.
Indira Gandhi Airport, Delhi (DEL)
Chhatrapati Shivaji Maharaj Airport, Mumbai (BOM)
Pune Airport, Pune [PNQ]
Kempegowda Airport, Bengaluru (BLR)
Chennai Airport, Chennai (MAA)
Maharshi Valmiki Airport, Ayodhya (AYJ)
Swami Vivekanda Airport, Raipur (RAI)
Raja Bhoj Airport, Bhopal (BHO)
Netaji Subhas Chandra Bose Airport, Kolkata (CCU)
Goa Manohar Airport, Goa [GOX]
Srinagar Airport, Srinagar [SXR]
Rajiv Gandhi Airport, Hyderabad (HYD)
Coimbatore Airport, Coimbatore (CJB)
Maharaj Bir Bikram Airport, Agartala (IXA)
Shaheed Bhagat Singh Airport, Chandigarh (IXC)
Nashik Ozar Airport, Nashik [ISK]
Veer Savarkar Airport, Port Blair [IXC]
Kushok Bakula Rimpochee Airport, Leh [IXL]
Chaudhary Charan Singh Airport, Lucknow (LKO)
Jolly Grant Airport, Dehradun (DED)
 
Answer Stats
Answer % Correct
Indira Gandhi Airport, Delhi (DEL)
94%
Chennai Airport, Chennai (MAA)
91%
Chhatrapati Shivaji Maharaj Airport, Mumbai (BOM)
91%
Kempegowda Airport, Bengaluru (BLR)
78%
Netaji Subhas Chandra Bose Airport, Kolkata (CCU)
72%
Rajiv Gandhi Airport, Hyderabad (HYD)
63%
Pune Airport, Pune [PNQ]
59%
Chaudhary Charan Singh Airport, Lucknow (LKO)
53%
Goa Manohar Airport, Goa [GOX]
44%
Shaheed Bhagat Singh Airport, Chandigarh (IXC)
38%
Coimbatore Airport, Coimbatore (CJB)
34%
Raja Bhoj Airport, Bhopal (BHO)
22%
Veer Savarkar Airport, Port Blair [IXC]
19%
No matching quizzes found
Score Distribution
Percent of People with Each Score
Percentile by Number Answered
Your Score History
You have not taken this quiz since the last reset